| 000 | 01189nam a22003135a 4500 | ||
|---|---|---|---|
| 003 | EG-ScBUE | ||
| 005 | 20211128095913.0 | ||
| 008 | 170706s2013 ua f 000 pdara d | ||
| 017 | _a2013 / 14377 | ||
| 020 | _a9789777184502 | ||
| 040 |
_aEG-ScBUE _bara _erda _cEG-ScBUE _dEG-ScBUE |
||
| 043 | _af-ua--- | ||
| 082 | 0 | 4 |
_a892.714 _bج م ا _222 |
| 245 | 0 | 0 |
_aجمال عبد الناصر : _bالزعيم في قلوب الشعراء / _cجمع وتحقيق حسن توفيق. |
| 250 | _aالطبعة الأولى. | ||
| 264 | 1 |
_aالقاهرة : _bالمجلس الأعلى للثقافة، _c2013. |
|
| 300 |
_a555 صفحة ؛ _c24 سم |
||
| 336 |
_2rdacontent _aنص _btxt |
||
| 337 |
_2rdamedia _aبدون وسيط _bn |
||
| 338 |
_2rdacarrier _aمجلد _bnc |
||
| 590 | _aWessam | ||
| 600 | 1 | 7 |
_aعبد الناصر، جمال، _d1918-1970 _xشعر. _2BUEsh |
| 650 | 7 |
_aشعر الرثاء العربي _yقرن 20. _2BUEsh _934630 |
|
| 651 | 7 |
_aمصر _xتاريخ _yجمال عبد الناصر، 1954-1970. _2BUEsh _915361 |
|
| 653 |
_bGGEN _bARALIT _cJuly2017 |
||
| 655 |
_vReading book _934232 |
||
| 700 | 1 |
_aتوفيق، حسن، _eجامع، _eمحقق. _931566 |
|
| 942 | _2ddc | ||
| 999 |
_c24992 _d24964 |
||